000 00401nam a2200145Ia 4500
008 220217s9999||||xx |||||||||||||| ||und||
020 _a0-07-463769-X
082 _a005.133 SCH
100 _aNaughton, Patrick Schildt, Herbert
245 0 _aJava 2: the complete reference
250 _a5th
260 _aTata mcgraw hill
_bNew Delhi
_c1999
300 _b395
650 _aPROGRAMMING LANGUAGE
999 _c165697
_d165697